La muerte pequeña /

Guardat en:
Dades bibliogràfiques
Autor principal: Benítez Carrasco, Manuel (autor)
Altres autors: Pérez Ferrero, Miguel (prólogo) (prólogo)
Format: Llibre
Idioma:espanyol
Publicat: México : edición de autor, 1971, c1971
Edició:3a edición
Matèries:
Etiquetes: Afegir etiqueta
Sense etiquetes, Sigues el primer a etiquetar aquest registre!

MARC

LEADER 00000nam^a2200000^a^4500
001 000370310
005 20250526000000.0
008 090909 19711971
009 20260310115859.753
037 |a Acervo ITESO - Biblioteca 
041 |a ESP 
082 |a 861.  |b BEN 
100 |a Benítez Carrasco, Manuel  |e (autor) 
245 1 3 |a La muerte pequeña /  |c M. Benítez Carrasco ; pról. de M. Pérez Ferrero. 
250 |a 3a edición 
264 4 |a México :  |b edición de autor,  |c 1971, c1971 
300 |a 114 p. +  |e 1 separador ;  |c 23.0 cm. 
336 |a texto  |b txt  |2 rdacontenido 
337 |a sin mediación  |b n  |2 rdamedio 
338 |a volumen  |b nc  |2 rdasoporte 
545 0 |a Nacido y muerto en Granada (1922-1999), el español Manuel Benítez Carrasco sin embargo vivió poco en su lugar de origen. De joven, porque se fue a Madrid en busca de formación y de un espacio más propicio para sus inquietudes artísticas. Heredero de la poética lorquiana y flamenca, Benítez Carrasco ha sido revalorado en los últimos años, pues en su momento emigró a América tras mejores horizontes, dedicándose a recitar su poesía en teatros y, sobre todo, en los espectáculos de la Casa Domecq en México, país en el que residió durante muchos años. Es autor de una poesía muy lírica, musical y cálida, presente en títulos como Luz de amanecer, El oro y el barro, La muerte pequeña, Frente al toro y el poema y Diario del agua, entre otros. 
561 |a Ex libris de Ignacio Díaz Morales 
649 |a XX 
650 |a Poesía Española 
650 |a Literatura Española -  |y Siglo XX 
700 |a Pérez Ferrero, Miguel  |e (prólogo) 
910 |a Fondo Ignacio Díaz Morales 
920 |a Impresos - Libros 
930 |a Libros Antiguos y Raros 
940 |a Literatura 
940 |a Arquitectos Jaliscienses 
905 |a 108 
901 |a 0500264781  |b IT2  |c LRA  |i D62197  |u 20250526 
901 |a 0500264784  |b IT2  |c LRA  |u 20250526 
901 |a 0500264806  |b IT2  |c LRA  |i D62196  |u 20250526 
901 |a 0500264809  |b IT2  |c LRA  |u 20250526 
902 |a https://opac.biblio.iteso.mx/vufind/Record/000370310